<?xml version="1.0" encoding="UTF-8"?>
<record
    xmlns:xsi="http://www.w3.org/2001/XMLSchema-instance"
    xsi:schemaLocation="http://www.loc.gov/MARC21/slim http://www.loc.gov/standards/marcxml/schema/MARC21slim.xsd"
    xmlns="http://www.loc.gov/MARC21/slim">

  <leader>02157nam a22003257a 4500</leader>
  <controlfield tag="001">BRCA_9237</controlfield>
  <controlfield tag="003">FranzMayer</controlfield>
  <controlfield tag="005">20220930143022.0</controlfield>
  <controlfield tag="008">220929b        |||||||| |||| 00| 0 eng d</controlfield>
  <datafield tag="020" ind1=" " ind2=" ">
    <subfield code="a">9786078036523</subfield>
  </datafield>
  <datafield tag="040" ind1=" " ind2=" ">
    <subfield code="b">spa</subfield>
    <subfield code="c">MFM</subfield>
  </datafield>
  <datafield tag="041" ind1=" " ind2=" ">
    <subfield code="a">spa</subfield>
  </datafield>
  <datafield tag="050" ind1=" " ind2=" ">
    <subfield code="a">TR680.</subfield>
    <subfield code="b">F68 2019</subfield>
  </datafield>
  <datafield tag="245" ind1=" " ind2=" ">
    <subfield code="a">Foto Azul : </subfield>
    <subfield code="b">Un estudio fotogr&#xE1;fico en Puebla</subfield>
  </datafield>
  <datafield tag="260" ind1=" " ind2=" ">
    <subfield code="a">M&#xE9;xico : </subfield>
    <subfield code="b">Fundaci&#xF3;n Espinosa Rugarc&#xED;a, Centro de Estudios Espinosa Yglesias, </subfield>
    <subfield code="c">2019</subfield>
  </datafield>
  <datafield tag="300" ind1=" " ind2=" ">
    <subfield code="a">207 pp. : </subfield>
    <subfield code="b">fot. ; </subfield>
    <subfield code="c">17.5 x 24 cm.</subfield>
  </datafield>
  <datafield tag="504" ind1=" " ind2=" ">
    <subfield code="a">Bibliograf&#xED;a recomendada: p. 205</subfield>
  </datafield>
  <datafield tag="505" ind1=" " ind2=" ">
    <subfield code="t">Una invitaci&#xF3;n a dialogar con las fotograf&#xED;as de Rafael Fuentes Aguilar / </subfield>
    <subfield code="r">Amparo Espinosa Rugarc&#xED;a</subfield>
  </datafield>
  <datafield tag="505" ind1=" " ind2=" ">
    <subfield code="t">Foto Azul: Mirada y memoria de Rafael Fuentes Aguilar / </subfield>
    <subfield code="r">Mario Luis Fuentes Alcal&#xE1;</subfield>
  </datafield>
  <datafield tag="505" ind1=" " ind2=" ">
    <subfield code="t">Foto Azul. Puebla, 1936-1984 / </subfield>
    <subfield code="r">Judith Fuentes Aguilar Merino</subfield>
  </datafield>
  <datafield tag="505" ind1=" " ind2=" ">
    <subfield code="t">Foto Azul, un estudio fotogr&#xE1;fico en Puebla / </subfield>
    <subfield code="r">Horacio Correa Gannam y Xavier Recio Oviedo</subfield>
  </datafield>
  <datafield tag="505" ind1=" " ind2=" ">
    <subfield code="t">Rafael Fuentes Aguilar y los nuevos poblanos del siglo XX / </subfield>
    <subfield code="r">Gustavo Am&#xE9;zaga Heiras</subfield>
  </datafield>
  <datafield tag="505" ind1=" " ind2=" ">
    <subfield code="t">Retratos de una &#xE9;poca</subfield>
  </datafield>
  <datafield tag="505" ind1=" " ind2=" ">
    <subfield code="t">20 im&#xE1;genes, 20 historias</subfield>
  </datafield>
  <datafield tag="505" ind1=" " ind2=" ">
    <subfield code="t">Entrevistas</subfield>
  </datafield>
  <datafield tag="520" ind1=" " ind2=" ">
    <subfield code="a">Durante d&#xE9;cadas, Rafael Fuentes Aguilar, un hombre de vocaci&#xF3;n democr&#xE1;tica y sentido social poco com&#xFA;n, atrajo a Foto Azul -su espacio de trabajo en la Ciudad de Puebla- a ni&#xF1;os y ni&#xF1;as, militares, obreros, campesinos, empresarios, sacerdotes, enfermeras, toreros, maestras y mujeres dedicadas al hogar o que estudiaban corte y confecci&#xF3;n, entre muchos otros personajes de la &#xE9;poca. con su quehacer logr&#xF3; reunir una colecci&#xF3;n de fotograf&#xED;as irrepetible.La Fundaci&#xF3;n ESRU y el Centro de Estudios Espinosa Yglesias, han emprendido la tarea de rescatar y promover el acervo fotogr&#xE1;fico del Estudio Foto Azul para descubrir la evidencia del mundo social subyacente en cada una de sus obras. - Proporcionado por Amparo Espinosa Rugarc&#xED;a, Presidenta Fundaci&#xF3;n Espinosa Rugarc&#xED;a</subfield>
  </datafield>
  <datafield tag="600" ind1=" " ind2=" ">
    <subfield code="a">Fuentes Aguilar, Rafael</subfield>
    <subfield code="d">1889-1976</subfield>
    <subfield code="9">28576</subfield>
    <subfield code="x">Fot&#xF3;grafos</subfield>
    <subfield code="z">Puebla de Zaragoza (Mexico)</subfield>
  </datafield>
  <datafield tag="650" ind1=" " ind2=" ">
    <subfield code="a">Fotograf&#xED;a</subfield>
    <subfield code="x">Negativos</subfield>
    <subfield code="9">28577</subfield>
  </datafield>
  <datafield tag="942" ind1=" " ind2=" ">
    <subfield code="2">lcc</subfield>
    <subfield code="c">B</subfield>
  </datafield>
  <datafield tag="999" ind1=" " ind2=" ">
    <subfield code="c">10856</subfield>
    <subfield code="d">10856</subfield>
  </datafield>
  <datafield tag="952" ind1=" " ind2=" ">
    <subfield code="0">0</subfield>
    <subfield code="1">0</subfield>
    <subfield code="2">lcc</subfield>
    <subfield code="4">0</subfield>
    <subfield code="7">0</subfield>
    <subfield code="a">BRCA</subfield>
    <subfield code="b">BRCA</subfield>
    <subfield code="d">2022-09-30</subfield>
    <subfield code="l">0</subfield>
    <subfield code="o">TR680. F68 2019</subfield>
    <subfield code="p">CONT10030</subfield>
    <subfield code="r">2022-09-30 00:00:00</subfield>
    <subfield code="w">2022-09-30</subfield>
    <subfield code="y">B</subfield>
  </datafield>
</record>
